|
|
|
|
| LEADER |
00790nam a2200253 a 4500 |
| 001 |
adlib96000001 |
| 003 |
ViArRB |
| 005 |
20151026132008.0 |
| 008 |
960221s1955 dcuabcdjdbkoqu001 0deng d |
| 020 |
|
|
|a 81-7224-607-2
|
| 022 |
|
|
|
| 040 |
|
|
|a Adlib
|
| 082 |
|
|
|a 658.386
|
| 245 |
|
|
|a Achieving peak performance: a step by step system to grow a well trained, educated and motivated team for the 21st century
|
| 250 |
|
|
|
| 260 |
|
|
|a Mumbai
|b Jaico
|c 1997
|
| 300 |
|
|
|a 244p.
|
| 500 |
|
|
|a
|
| 100 |
|
|
|a Qubein, Nido R.
|
| 700 |
|
|
|
| 942 |
|
|
|c BK
|6 _
|
| 653 |
|
|
|a Management Training
|a Performance standard
|a Employees- training
|a Personal management
|
| 999 |
|
|
|c 39747
|d 39747
|
| 952 |
|
|
|0 0
|1 0
|4 0
|6 658386_UUB
|7 0
|9 51640
|a UL
|b UL
|d 2010-06-16
|o 658.386 UUB
|p 00049689
|r 2010-06-16
|w 2010-06-16
|y BK
|